Η ζωή που ονειρεύτηκε ο Ερνέστο Γκ. : μυθιστόρημα

Saved in:
Bibliographic Details
Main Author: Guenassia, Jean-Michel, 1950-
Format: Book
Language:Greek
French
Published: Αθήνα : Πόλις, c2013.
Subjects:
Tags: Add Tag
No Tags, Be the first to tag this record!

MARC

LEADER 00000cam a2200000 a 4500
001 1/116606
008 180523s2013####gr | ||| |||| ||gre||
020 |a 9789604354054 
040 |a GR-MyUa  |b gre  |c GR-MyUa  |e AACR2 
041 1 |a gre  |h fre 
082 7 |a 843   |2 (23) 
100 1 |a Guenassia, Jean-Michel,   |d 1950- 
245 1 2 |a Η ζωή που ονειρεύτηκε ο Ερνέστο Γκ. :   |b μυθιστόρημα /   |c Jean-Michel Guenassia ; μετάφραση Ανδρέας Παππάς, Βάνα Χατζάκη.  
260 |a Αθήνα :   |b Πόλις,   |c c2013.  
300 |a 519 σ. ;   |c 21 εκ. 
500 |a Τίτλος πρωτοτύπου: La vie rêvée d' Ernesto G. 
650 0 |a French fiction. 
852 |a INST  |b LESVOS  |e 20230529  |h 843 GUE  |p 005100064553  |q 005100064553  |t BK  |y 0 
852 |a INST  |b SYROS  |e 20180523  |h 843 GUE  |p 005500013412  |q 005500013412  |t BK  |y 0 
970 |a Κοντού  |b Παρασκευή  |z 23/05/2018